| 000 | 00670nam a2200205 i 4500 | ||
|---|---|---|---|
| 001 | 142542 | ||
| 003 | ES-MaACL | ||
| 005 | 20250912063052.0 | ||
| 007 | t| | ||
| 008 | 071008s1971 sp ||||1| spa d | ||
| 080 | _a929 Azorín | ||
| 080 | _a860 Azorín 1.06 | ||
| 100 | 1 |
_aVilanova Ribas, Mercedes, _d1936- _9141311 |
|
| 245 | 1 | 3 |
_aLa conformidad con el destino en Azorín _b: (trayectoria de un escritor español) / _cMercedes Vilanova. |
| 260 |
_aBarcelona : _bAriel, _c[1971] |
||
| 300 |
_a141 p. ; _c20 cm. |
||
| 600 | 0 | 4 |
_aAzorín, _d1873-1967- _xCrítica e interpretación _924328 |
| 852 |
_aES-MaACL _jC-41177 _bR.80316 |
||
| 999 |
_c142542 _d142542 |
||